| 000 | 00916nas a2200313 4500 | ||
|---|---|---|---|
| 001 | BR2012001880 | ||
| 003 | BR-BrBNA | ||
| 005 | 20231205120325.0 | ||
| 007 | ta | ||
| 008 | 230509b bl.|||p| |||| 00| 00por d | ||
| 040 |
_aBR-BrBNA _bpor _cBiblioteca Nacional de Agricultura |
||
| 041 | _a(Pt) | ||
| 072 | _aE16 | ||
| 100 | 1 | _aBezerra, A.F. | |
| 100 | 1 | _aMilagres, F.R. | |
| 100 | 1 | _aSilva, M.L. da | |
| 100 | 1 | _aLeite, H.G. | |
| 245 | 1 | _aAnálise da viabilidade econômica de povoamentos de Tectona grandis submetidos a desbastes no Mato Grosso | |
| 650 | _aTECA | ||
| 650 | _aÁRVORE ANGIOSPERMA | ||
| 650 | _aFLORESTA | ||
| 650 | _aMANEJO | ||
| 650 | _aMADEIRA | ||
| 650 | _aQUALIDADE | ||
| 650 | _aECONOMIA DA PRODUÇÃO | ||
| 773 | 0 |
_tCerne (Brazil) _xISSN 0104-7760 _g(Oct-Dec 2011), v. 17(4) p. 583-592 _wBR2012001880 |
|
| 909 |
_a202311 _bLúcia _c55 _dLúcia Elande |
||
| 942 |
_2AGRIS _n0 _cANA |
||
| 999 |
_c217952 _d217952 |
||